Регионална библиотека "Любен Каравелов" - Русе

Как да общуваме на английски (Запис номер 129022)

MARC детайли
000 -Лидер
Контролно поле с фиксирана дължина 02066nam a2200385 c 4500
003 - Код на организацията, давaща контролен номер
Контролно поле BLK
005 - Дата и час на последна редакция
Контролно поле 20220905141109.0
008 - Елементи от данни с фиксирана дължина
fixed length control field 180409b bul|||||r ||||||| ||bul||
010 ## - Наследен системен номер
LC control number KNG00134755000
020 ## - Международен стандартен номер на книга ISBN
Международен стандартен номер на книга ISBN 978-954-529-748-9
-- издат.: Колибри - на том(кн. 1)
040 ## - Източник на каталожния запис
Идентификатор на билиотеката - собственик на записа BLK
041 ## - Код за език
Код за езика на текст/звукозапис или на отделно заглавие Български
Код за езика КДБФ Английски
Други езици Английски
072 #7 - Код за тематичната категория
Код организация bullib
Код за тематична категория Н80
Текст Езикознание Н
080 ## - УДК
Текстов определител УДК Английски език
УДК код - определител по УДК 811.111
УДК определител (076)(075)
УДК - код + определител 811.111(076)(075)
100 1# - Редна дума - Автор
Автор Мърдок-Стърт, Сирина
Авторска отговорност първи автор
R(LIN) 99938
139 ## - Редно поле
Редна дума Мърдок-Стърт, Сирина
Авторски знак Мъ - М 97
245 10 - Сведения за заглавието
Заглавие Как да общуваме на английски
Подзаглавни данни Ч. 1 - 3
Редно поле (дума) Сирина Мърдок-Стърт; прев. от фр. Анна Владимирова Маркова.
Том Ч. 1
Заглавие на том Професионални разговори по телефона, бизнес кореспонденция, факсове, интернет и електронна поща
257 ## - Страна на издаване
Страна на създаване/издаване Франция
260 ## - Област на издателските данни
-- София
Година на издаване 2010 - 2011
Печатница София : Симолини
300 ## - Физическа характеристика
Размери/Мащаб 24 см
380 ## - Жанр
Жанр Езикознание. Филология
500 ## - Общи забележки
Забележка Ориг. загл. Communiquer en anglais / Serena Murdoch-Stern. - Името на прев. отбелязано на гърба на загл. с.
650 #4 - Допълнително описание по предмет – тема
Основно описание – тема или топоним Английски език - учебници
9 (RLIN) 266062
653 ## - Ключова дума – ненормативна
Ключова дума английски език
653 ## - Ключова дума – ненормативна
Ключова дума учебници
653 ## - Ключова дума – ненормативна
Ключова дума бизнес кореспонденция
659 ## - Тематичен бюлетин
Тематичен бюлетин Н
700 1# - Други автори (авторска отговорност)
Лично име Маркова, Анна Владимирова
Автороска отговорност (Описва отношението между автора и произведението) прев. от фр.
9 (RLIN) 298243
760 1# - Описание на основната серия
-- - на том(кн. 1)
Редна дума на основното описание Мърдок-Стърт, Сирина
Място на издаване, издател и година Колибри, 2010
Страници - том 124 с.
Съпроводителни материали ключ
Заглавие Ч. 1 Професионални разговори по телефона, бизнес кореспонденция, факсове, интернет и електронна поща
852 ## - Местоположение
Форматна сигнатура Цб 255176
856 4# - Електронен адрес и достъп
Електронен формат pdf - файл
Път до файла /url/
856 4# - Електронен адрес и достъп
Електронен формат pdf - файл
Път до файла /url/
942 ## - АРТИКУЛИ
Вид на библиотечния материал Книги
Скрит в OPAC Не
Koha issues (borrowed), all copies 1
944 ## - СЪЗДАВАНЕ И РЕДАКЦИЯ на ЗАПИСА
Създаване/Редакция Създаване
Дата на регистрацията/редакция 10.10.2012
Статус, дата на статуса ф /
Служител, извършил регистрацията/редакцията Людмила_Стоянова
944 ## - СЪЗДАВАНЕ И РЕДАКЦИЯ на ЗАПИСА
Създаване/Редакция Редакция
Дата на регистрацията/редакция 27.02.2013
Статус, дата на статуса ф /
Служител, извършил регистрацията/редакцията
999 ## - СИСТЕМНИ КОНТРОЛНИ НОМЕРА
Koha biblionumber 129022
Koha biblioitemnumber 129022
Наличности
Код за отписване Код за изгубен артикул Код за повреда Коз за рестрикции Код за отдаване Артикулен № Име на библиотеката - собственик Име на библиотеката, в която се намира в момента Статус (Текущо местоположение) Дата на вписване в системата Местоположение - отдел Цена в лева Инвентарен номер Систематично азбучна сигнатура Баркод Номер на екземпляра Цена в евро Служебна бележка Служебен тип на артикула
  Не е изгубен Не е повреден без рестрикции ползва се в читалня 209660 Регионална библиотека "Любен Каравелов" Русе Регионална библиотека "Любен Каравелов" Русе Хранилище 2012-10-10 Хранилище 16.00 120000760287 Цб 255176 120000760287 1 8.18 Дост: Dp Вид: Д N: 33 Дата: 15.08.2011 Книги
  Не е изгубен Не е повреден без рестрикции заемане за дома 209661 Регионална библиотека "Любен Каравелов" Русе Регионална библиотека "Любен Каравелов" Русе ЧЧЗО - англ. ез. - Британски съвет 2012-05-28 ЧЧЗО - англ. ез. - Британски съвет 16.00 120000757789 Ч3 802.0/М 97 120000757789 2 8.18 Дост: DA Вид: А N: 8 Дата: 28.05.2012 Дата инв: 17.03.2015 Бележки инв: Ч32015 Книги
Vip Innovations Ltd, Rousse, Bulgaria 2025